Paper Mario: The Origami King Collectible Treasures - Statistics

General Stats
  • This quiz has been taken 31 times
  • The average score is 22 of 120
Answer Stats
Area Number Collectible Treasure % Correct
Toad Town No. 14 Mario
75%
Toad Town No. 15 Bowser
70%
Ninja Attraction No. 52 Bob-omb
65%
Toad Town No. 9 Hole Punch
65%
Ninja Attraction No. 50 Luigi
65%
Toad Town No. 8 Rubber Band
65%
Toad Town No. 7 Colored Pencils
60%
Scorching Sandpaper Minor No. 63 Professor Toad
60%
Toad Town No. 12 Stapler
60%
Toad Town No. 10 Tape
60%
Spring of Jungle Mist No. 104 Bowser Jr.
55%
Spring of Jungle Mist No. 107 Kamek
55%
Whispering Woods No. 3 Ol’ Grandsappy
55%
Toad Town No. 119 Princess Peach
55%
Toad Town No. 11 Scissors
55%
Whispering Woods No. 2 Mushroom
50%
Whispering Woods No. 1 Peach’s Castle
45%
Shogun Studios No. 46 Big Sho’ Theater
40%
Hammer Island No. 78 Hammer
35%
Overlook Tower No. 29 Overlook Tower
35%
Overlook Mountain No. 18 Paper Macho Goomba
35%
Shogun Studios No. 44 Paper Macho Koopa Troopa
35%
Overlook Mountain No. 21 Paper Macho Shy Guy
35%
Shangri-Spa No. 100 Sea Tower
35%
The Princess Peach No. 56 The Princess Peach
35%
Fire Vellumental Cave No. 71 Fire Flower
30%
Origami Castle No. 118 Origami Castle
30%
Ice Vellumental Mountain No. 92 Origami Craftsman
30%
Ice Vellumental Mountain No. 90 Paper Macho Buzzy Beetle
30%
The Princess Peach No. 54 Block
25%
Scorching Sandpaper Desert No. 60 Boot Car
25%
Shogun Studios No. 47 Canned-Food Par-tay Trio
25%
Hammer Island No. 79 Captain T. Ode
25%
Snif City / Shroom City No. 69 Desert Tower
25%
Ice Vellumental Mountain No. 93 Diamond Island
25%
Crescent Moon Island / Full Moon Island No. 75 Paper Macho Koopa Paratroopa
25%
Snif City / Shroom City No. 65 Snif City Royal Hotel
25%
Temple of Shrooms No. 73 Temple of Shrooms
25%
Shogun Studios No. 49 Water Vellumental Shrine
25%
Toad Town No. 6 Coins
20%
Overlook Mountain No. 20 Folded Bowser
20%
Water Vellumental Shrine No. 38 MAX UP Heart
20%
Scorching Sandpaper East No. 59 Paper Macho Boo
20%
Spring of Jungle Mist No. 105 Sweet Sap Loggins
20%
Shogun Studios No. 41 Chestnuts
15%
Snif City / Shroom City No. 70 Lamp Scam
15%
Bowser’s Castle No. 109 Paper Macho Chain Chomp
15%
The Great Sea No. 89 Paper Macho Gooper Blooper
15%
Earth Vellumental Temple No. 27 Pipe
15%
Shangri-Spa No. 102 Shangri-Spa Toad
15%
Bowser’s Castle No. 112 Bowser’s Airship
10%
Toad Town No. 5 Camp Speaker
10%
Autumn Mountain No. 32 Confetti Bag
10%
Bowser’s Castle No. 111 Cutout Soldiers
10%
Snif City / Shroom City No. 68 Golden Snifit Statue
10%
Toad Town No. 120 Origami Cranes
10%
Big Sho’ Theater No. 53 Paper Macho Snifit Outlaw
10%
The Great Sea No. 87 Paper Macho Stone Spike
10%
Origami Castle No. 117 Paper Mistake Buzzy Beetle
10%
Water Vellumental Shrine No. 39 POW Block
10%
? Island No. 76 ? (Question) Block
10%
? Island No. 77 Sea Captain Toad
10%
The Great Sea No. 83 Spade Island Barrel
10%
The Princess Peach No. 55 Super Star
10%
Toad Town No. 4 Torch from Peach’s Castle
10%
Shangri-Spa No. 103 Boss Sumo Bro Cloud
5%
Scorching Sandpaper Desert No. 61 Cactus
5%
Shogun Studios No. 45 Canned Tuna
5%
Overlook Tower No. 28 Chef’s TRULY WILD Special
5%
Shangri-Spa No. 95 Earth Vellumental Idol
5%
Earth Vellumental Temple No. 25 Earth Vellumental Relief
5%
Shangri-Spa No. 97 Fire Vellumental Idol
5%
The Great Sea No. 82 Healing Hearts
5%
Breezy Tunnel No. 57 Huge Rock
5%
Shangri-Spa No. 98 Ice Vellumental Idol
5%
Breezy Tunnel No. 58 Important Box
5%
Toad Town No. 13 Log Cabin
5%
Origami Castle No. 113 Luigi’s Kart
5%
Graffiti Underground No. 16 Manhole Cover
5%
Scorching Sandpaper Far West No. 62 Mega Paper Macho Pokey
5%
Ninja Attraction No. 51 Ninja Signs
5%
Origami Castle No. 115 Paper Plane Squadron
5%
Earth Vellumental Temple No. 26 Rocks
5%
Picnic Road No. 24 Sensor Lab
5%
Shangri-Spa No. 101 Shangri-Spa Fountain
5%
Picnic Road No. 22 Shellvation Is Near
5%
Chestnut Valley No. 35 Sign
5%
Chestnut Valley No. 36 Spinning Shells
5%
Chestnut Valley No. 34 Sturdy Crates
5%
Bonehead Island No. 74 Submarine “Marino”
5%
Spring of Rainbows No. 108 Sudden Death Cannon
5%
Autumn Mountain No. 33 Toad Researcher
5%
Autumn Mountain No. 31 Toad Tram
5%
Shangri-Spa No. 96 Water Vellumental Idol
5%
Snif City / Shroom City No. 66 Bag of Confetti
0%
Origami Castle No. 114 Bullet Bill
0%
The Great Sea No. 84 DJ Booth
0%
Shogun Studios No. 40 Downriver Tour Boat
0%
Autumn Mountain No. 30 Fallen Leaves
0%
Temple of Shrooms No. 72 Fire Vellumental Statue
0%
Ice Vellumental Mountain No. 91 Ice Vellumental Bust
0%
The Great Sea No. 88 King Shroomses’s Coffin
0%
Shogun Studios No. 48 Lookout Tower Bell
0%
Overlook Mountain No. 17 Lush Greenery
0%
The Great Sea No. 86 Origami Workbench
0%
Origami Castle No. 116 Paper Macho Crater Crashers
0%
The Great Sea No. 81 Paper Macho Mummy Goomba
0%
Bowser’s Castle No. 110 Paper Macho Piranha Plant
0%
Shogun Studios No. 43 Relaxing Bench
0%
Water Vellumental Shrine No. 37 Restaurant Fridge
0%
Snif City / Shroom City No. 67 Ring Trainer
0%
Overlook Mountain No. 19 Sap Sister
0%
Sea Tower No. 94 Sea Captain Toad’s Boat
0%
The Great Sea No. 80 Shangri-Spa Toad Statue
0%
Spring of Jungle Mist No. 106 Stamp Booth
0%
Scorching Sandpaper Desert No. 64 Temple of Shrooms Statues
0%
The Great Sea No. 85 Training Mannequin
0%
Picnic Road No. 23 Vellumental Idol
0%
Shangri-Spa No. 99 Water Buckets
0%
Shogun Studios No. 42 Water Vellumental’s Wheel
0%
No matching quizzes found
Score Distribution
Percent of People with Each Score
Percentile by Number Answered
Your Score History
You have not taken this quiz